书目信息 |
| 题名: |
健康瑰宝
|
|
| 作者: | 周晴中 , 张华德 , 王坤 编著 | |
| 分册: | ||
| 出版信息: | 北京 北京大学出版社 2023.08 |
|
| 页数: | 190页 | |
| 开本: | 24cm | |
| 丛书名: | ||
| 单 册: | ||
| 中图分类: | S636.9 , R247.1 | |
| 科图分类: | ||
| 主题词: | 紫苏--zi su--食物疗法 | |
| 电子资源: | ||
| ISBN: | 978-7-301-34354-8 | |
| 000 | 01351nam0 2200301 450 | |
| 001 | 94446 | |
| 005 | 20250820144700.05 | |
| 010 | @a978-7-301-34354-8@dCNY48.00 | |
| 100 | @a20231024d2023 em y0chiy50 ea | |
| 101 | 0 | @achi |
| 102 | @aCN@b110000 | |
| 105 | @ay a 000yy | |
| 106 | @ar | |
| 200 | 1 | @a健康瑰宝@Ajian kang gui bao@e药食同源话紫苏@d= Medicinal and edible valueof perilla@f周晴中, 张华德, 王坤编著@zeng |
| 210 | @a北京@c北京大学出版社@d2023.08 | |
| 215 | @a190页@d24cm | |
| 320 | @a有书目 (第183-190页) | |
| 330 | @a紫苏集营养性与功能性于一体, 经济价值很高, 在医疗、食品、饲料等领域都已有广泛应用。紫苏还含有α-亚麻酸、黄酮类、萜类、花青素及多糖等诸多功能成分, 因此具备开发价值, 有待进一步深入研究以便更好地利用。目前紫苏的深入开发已受到越来越多的关注, 成为国内外轻工业、食品、医药等领域的研究热点。全书分章节介绍了紫苏的主要营养成分、紫苏籽和紫苏籽油的性质及功能、紫苏梗药用成分分析、用紫苏籽油制备α-亚麻酸和α-亚麻酸乙酯等。 | |
| 510 | 1 | @aMedicinal and edible valueof perilla@zeng |
| 517 | 1 | @a药食同源话紫苏@Ayao shi tong yuan hua zi su |
| 606 | 0 | @a紫苏@Azi su@x食物疗法 |
| 690 | @aS636.9@v5 | |
| 690 | @aR247.1@v5 | |
| 701 | 0 | @a周晴中@Azhou qing zhong@4编著 |
| 701 | 0 | @a张华德@Azhang hua de@4编著 |
| 701 | 0 | @a王坤@Awang kun@4编著 |
| 801 | 0 | @aCN@c20250909 |
| 905 | @a河南城建学院图书馆@dS636.9@eZ780@f3 | |
| 健康瑰宝:药食同源话紫苏= Medicinal and edible valueof perilla/周晴中, 张华德, 王坤编著.-北京:北京大学出版社,2023.08 |
| 190页;24cm |
| ISBN 978-7-301-34354-8:CNY48.00 |
| 紫苏集营养性与功能性于一体, 经济价值很高, 在医疗、食品、饲料等领域都已有广泛应用。紫苏还含有α-亚麻酸、黄酮类、萜类、花青素及多糖等诸多功能成分, 因此具备开发价值, 有待进一步深入研究以便更好地利用。目前紫苏的深入开发已受到越来越多的关注, 成为国内外轻工业、食品、医药等领域的研究热点。全书分章节介绍了紫苏的主要营养成分、紫苏籽和紫苏籽油的性质及功能、紫苏梗药用成分分析、用紫苏籽油制备α-亚麻酸和α-亚麻酸乙酯等。 |
| ● |
| 相关链接 |
|
|
|
正题名:健康瑰宝
索取号:S636.9/Z780
 
预约/预借
| 序号 | 登录号 | 条形码 | 馆藏地/架位号 | 状态 | 备注 |
| 1 | 1628514 | 216285142 | 自科库401/401自科库 67排7列3层/ [索取号:S636.9/Z780] | 在馆 | |
| 2 | 1628515 | 216285151 | 自科库401/401自科库 67排7列3层/ [索取号:S636.9/Z780] | 在馆 | |
| 3 | 1628516 | 216285160 | 自科库401/401自科库 67排7列3层/ [索取号:S636.9/Z780] | 在馆 |